000 00739nam a22002297a 4500
999 _c3252
_d3252
005 20231109111758.0
008 231109b ||||| |||| 00| 0 eng d
020 _a9780753731901
040 _cKH8
082 _a823.912 BLY
100 _aBlyton, Enid;
_eAuthor
245 _aThe donkey on the sands, and other stories
_cEnid Blyton
260 _aLondon,
_bBounty Books,
_c 2015
300 _a 187 pages :
_billustrations ;
_c20 cm.
440 _a Star reads
520 _aGENERAL FICTION (CHILDREN'S / TEENAGE). The Donkey on the Sands (Enid Blyton Star Reads). Ages 5+
650 _aChildren's stories
650 _aChildren's stories
_v English
650 _aFiction
700 _aBradley, Maureen
_eAuthor
942 _2ddc
_cFIC